| 000 | 01330nam a2200217Ia 4500 | ||
|---|---|---|---|
| 999 |
_c45466 _d45466 |
||
| 001 | 12291 | ||
| 003 | GE_BSU | ||
| 005 | 20240705152933.0 | ||
| 008 | 181216s2014||||ge |||||||||||||| ||geo|| | ||
| 020 | _a9789941068539 | ||
| 040 | _cGE_BSU | ||
| 041 | _ageo | ||
| 080 | _a75/76(479.223) ბ-58 | ||
| 245 |
_aბესელია ვახტანგ = Vaktang Beselia / _cპროექტის ავტორი და ალბომის შემდგ. გიორგი ჯანბერიძე ; ტექსტი რატი ჩიბურდანიძის. |
||
| 264 |
_aბათუმი : _bსეზანი, _c2014. |
||
| 300 |
_a160 გვ. : _bილ. ; _c28 სმ. |
||
| 500 | _aპროექტი განხორციელდა აჭარის ავტ.რესპ.განათლების,კულტურის და სპორტის სამინიტროს მხარდაჭერით | ||
| 520 | _aპროექტი განხორციელდა აჭარის ავტ.რესპ.განათლების,კულტურის და სპორტის სამინიტროს მხარდაჭერით. | ||
| 653 | _aბესელია ვახტანგ = Vaktang Beselia | ||
| 942 |
_cBK _2udc |
||